000 00527nam a22001575i 4500
001 168062
003 ES-MaACL
005 20230906213655.0
008 051005s1871 xxkab | |||||||| ||eng d
040 _aCAM
_bspa
_cCAM
100 1 _aYeats, John.
_9133986
245 1 4 _aThe technical history of commerce, or, Skilled labour applier to production /
_cby John Yeats.
260 _aLondon :
_bCassell, Peter and Galpin,
_c1871.
300 _a440 p., [1] h. de map. ;
_c19 cm.
852 _aES-MaACL
_jG-10740
_z-- Enc. ed. en tela
999 _c168062
_d168062